La casa del mañana
Na minha lista:
| Formato: | Livro |
|---|---|
| Idioma: | espanhol |
| Publicado em: |
Ciudad de México
Siglo Veintiuno
1966
|
| Colecção: | <El >Mundo del Hombre. Arquitectura y Urbanismo
|
| Assuntos: | |
| Tags: |
Adicionar Tag
Sem tags, seja o primeiro a adicionar uma tag!
|
MARC
| LEADER | 00000nam a2200000 a 4500 | ||
|---|---|---|---|
| 001 | UCU9485 | ||
| 003 | CL-VaPUC | ||
| 008 | 960823e19660000MX |||||||||||||||||spa|d | ||
| 082 | 0 | 4 | |a 728.3 |b CAS |2 21 |
| 245 | 1 | 3 | |a La casa del mañana |
| 300 | |a 129 p | ||
| 942 | |c BK | ||
| 945 | |d 19960823 00:00:00 |a rleighto | ||
| 260 | |a Ciudad de México |b Siglo Veintiuno |c 1966 | ||
| 650 | 0 | |a Arquitectura |9 804558 | |
| 650 | 0 | |a Casas |9 348018 | |
| 650 | 0 | |a Diseño arquitectónico |9 265271 | |
| 650 | 7 | |a TECNOLOGIA DE LA CONSTRUCCION |2 CL-VaPUC |9 260196 | |
| 650 | 0 | |a Planos arquitectónicos |9 268148 | |
| 583 | |a last modification |c 19960823 00:00:00 |k Rodrigo Vera | ||
| 490 | 0 | |a <El >Mundo del Hombre. Arquitectura y Urbanismo | |
| 999 | |c 251216 |d 251214 | ||
| 952 | |0 0 |1 0 |4 0 |6 728_300000000000000_CAS_1966 |7 0 |8 P |9 270236 |a BIBARQ |b BIBARQ |d 2019-11-19 |i 322239K |o 728.3 CAS 1966 |p 322239K |r 2025-01-20 |w 2019-11-19 |y BK |k ARQ | ||